| 000 | 00369 a2200109 4500 | ||
|---|---|---|---|
| 001 | ART_19183 | ||
| 005 | 20260410161921.0 | ||
| 008 | 260409a | ||
| 245 | 1 | 0 | _aEl impuesto a la producción agropecuaria. Algunos problemas en su aplicación |
| 100 | 1 | _aTarantino, Jacinto R. | |
| 773 | 0 |
_tLa información _g- Tomo XXXIX, Nº 592 (abr. 1979) _wREV14902 |
|
| 999 |
_c27691 _d27691 |
||